Top 20 US Newspapers Quiz Stats

 Plays Quiz Retired Jun 26, 2021

     
Support Sporcle.
Go Orange.
Score 0/20 Timer 05:00
0 Plays Today
City Newspaper % Correct
New York, NYNew York Times
98.2%
Washington, DCWashington Post
79.5%
Los Angeles, CALos Angeles Times
73.6%
Chicago, ILChicago Tribune
64%
New York, NYWall Street Journal
63.2%
Arlington, VAUSA Today
53.7%
Detroit, MIThe Detroit News
52.8%
Boston, MABoston Globe
47.1%
New York, NYDaily News
41.2%
Denver, COThe Denver Post
39.7%
City Newspaper % Correct
Houston, TXHouston Chronicle
31.9%
Philadelphia, PAPhiladelphia Inquirer
31.5%
New York, NYNew York Post
29.9%
San Francisco, CASan Francisco Chronicle
29.8%
Dallas, TXDallas Morning News
28.6%
Atlanta, GAAtlanta Journal-Constitution
25.2%
Minneapolis, MNMinneapolis Star Tribune
18%
Newark, NJThe Star-Ledger
12.9%
Phoenix, AZArizona Republic
10.7%
Melville, NYLong Island Newsday
9%

From the Vault

4-Letter 'V' Words with Double Letters

by teedslaststand

Language 90s
We're like 99% sure you can't just put "VVVV" in.
Remove Ads.
Support Sporcle.
Get the best of Sporcle when you Go Orange. This ad-free experience offers more features, more stats, and more fun while also helping to support Sporcle. Thank you for becoming a member.

Show Comments

Extras

Top Quizzes Today


Score Distribution

Your Account Isn't Verified!

In order to create a playlist on Sporcle, you need to verify the email address you used during registration. Go to your Sporcle Settings to finish the process.

Report this User

Report this user for behavior that violates our Community Guidelines.

Details: